Загрузка...

Samskriti ke char adhyay /

Библиографические подробности
Главный автор: Ramdhari Singh, Dinakar
Формат: Printed Book
Язык:Hindi
Опубликовано: Adyachal , 1962.
LEADER 00474nam a2200133Ia 4500
008 150624b xxu||||| |||| 00| | hin d
082 |a 301.2954 
100 |a Ramdhari Singh, Dinakar 
245 |c Dinakar Ramdhari Singh  |a Samskriti ke char adhyay / 
260 |b Adyachal ,  |c 1962. 
546 |a In Hindi. 
942 |c BK 
999 |c 93612  |d 93612 
952 |0 0  |1 0  |4 0  |6 301_295400000000000_DIN_S_H  |7 0  |9 93554  |a UL  |b UL  |c ST1  |d 2012-10-27  |l 1  |o 301.2954 DIN/S H  |p G553  |r 2016-04-11  |s 2016-03-26  |w 2012-10-27  |y BK